| 000 | 02735nam a22003137a 4500 | ||
|---|---|---|---|
| 005 | 20250724114709.0 | ||
| 006 | a|||||r||||||||||| | ||
| 008 | 040831s2001 da r 000 u gre d | ||
| 020 |
_a9608050944 _qσκληρόδ. |
||
| 040 |
_aGR-AtMCL _bgre _eAACR2 _dGR-AtMCL |
||
| 041 | 0 | _heng | |
| 100 | 1 |
_aDorf, Richard C. _4070 |
|
| 240 | 1 | 0 | _aModern control systems. |
| 245 | 1 | 0 |
_aΣύγχρονα συστήματα αυτόματου ελέγχου/ _cRichard C. Dorf, Robert H. Bishop ; επιμέλεια μετάφρασης Τρ. Ποιμενίδης, μετάφραση Άγγελος Δ. Δημητριάδης |
| 250 | _a9η έκδ. | ||
| 260 |
_aΘεσσαλονίκη: _bΤζιόλας, _c2001. |
||
| 300 |
_a831 σ. : _bεικ. ; _c25 εκ. |
||
| 500 | _aΜετάφραση του: Modern control systems. | ||
| 504 | _aΠεριέχει βιβλιογραφικές αναφορές (σ. 1189-1199) και ευρετήριο. | ||
| 520 | _aΣτα «Σύγχρονα Συστήματα Αυτομάτου Ελέγχου» παρουσιάζεται η δομή της θεωρίας ελέγχου μέσω ανάδρασης χρησιμοποιώντας μια ρεαλιστική, συμπεριληπτική προσέγγιση ανάλυσης και σχεδίασης. Το κείμενο του συγγράμματος είναι επικεντρωμένο στις έννοιες της θεωρίας ελέγχου συστημάτων, όπως αυτές διατυπώνονται στο πεδίο του χρόνου και στο πεδίο των συχνοτήτων. Καλύπτει τόσο τις κλασικές όσο και τις σύγχρονες μεθόδους ελέγχου, για να παρέχει ισχυρά θεμελιωμένη κατανόηση των βασικών αρχών που μπορούν να χρησιμοποιηθούν για τη διερεύνηση πιο σύνθετων ζητημάτων. Επισημαίνονται με έμφαση τα ρεαλιστικά, πολύπλοκα συστήματα ελέγχου και οι πρακτικές σχεδιαστικές εφαρμογές, καθώς επίσης και οι αναπτυσσόμενες στρατηγικές σχεδιασμού, όπως είναι η πράσινη τεχνολογία και η ανθρωποκεντρική σχεδίαση. | ||
| 650 | 0 | _aFeedback control systems | |
| 650 | 0 |
_aΠληροφορική _99850 |
|
| 650 | 0 |
_aComputing _99851 |
|
| 700 | 1 |
_aBishop, Robert H., _d1957- |
|
| 700 | 1 |
_aΠοιμενίδης, Τρ. _4340 |
|
| 700 | 1 |
_aΔημητριάδης, ΄Αγγελος Δ. _4730 |
|
| 942 | _cBK | ||
| 999 |
_c9816 _d9816 |
||